Rolling Stone's 100 Greatest Rap Albums - Statistics

General Stats
  • This quiz has been taken 85 times
  • The average score is 37 of 100
Answer Stats
Rank Year Artist Album % Correct
5 2015 Kendrick Lamar To Pimp a Butterfly
91%
24 1994 Nas Illmatic
87%
6 2010 Kanye West My Beautiful Dark Twisted Fantasy
85%
3 2001 Jay-Z The Blueprint
85%
10 1998 Lauryn Hill The Miseducation of Lauryn Hill
85%
8 1993 Wu-Tang Clan Enter the Wu-Tang (36 Chambers)
82%
1 1994 The Notorious B.I.G. Ready to Die
82%
52 2004 Kanye West The College Dropout
82%
41 2005 Kanye West Late Registration
79%
99 2005 Lil Wayne Tha Carter II
79%
39 2008 Lil Wayne Tha Carter III
79%
13 1999 Dr. Dre 2001
78%
11 2011 Drake Take Care
78%
40 1992 Dr. Dre The Chronic
78%
25 2000 Eminem The Marshall Mathers LP
78%
17 2013 Kanye West Yeezus
78%
38 2012 Kendrick Lamar good kid, m.A.A.d city
76%
18 2004 Madvillain Madvillainy
76%
60 2017 Kendrick Lamar DAMN.
75%
35 1993 Snoop Dogg Doggystyle
75%
2 2000 Outkast Stankonia
75%
9 1991 A Tribe Called Quest The Low End Theory
70%
29 1996 2Pac All Eyez On Me
67%
59 1997 The Notorious B.I.G. Life After Death
67%
49 1998 N.W.A Straight Outta Compton
66%
77 2011 Jay-Z and Kanye West Watch the Throne
66%
85 1999 Eminem The Slim Shady LP
64%
27 1998 Outkast Aquemini
61%
64 2003 50 Cent Get Rich or Die Tryin'
61%
26 1996 Jay-Z Reasonable Doubt
60%
46 2021 Tyler, the Creator Call Me If You Get Lost
55%
16 2018 Cardi B Invasion of Privacy
55%
4 1988 Public Enemy It Takes a Nation of Millions to Hold Us Back
54%
44 1995 GZA Liquid Swords
54%
20 2015 Future DS2
51%
90 2009 Kid Cudi Man on the Moon: The End of the Day
49%
15 1987 Eric B. & Rakim Paid in Full
48%
54 2017 Migos Culture
46%
28 1995 Mobb Deep The Infamous
46%
48 2006 J Dilla Donuts
45%
33 1989 De La Soul 3 Feet High and Rising
43%
30 1989 Beastie Boys Paul's Boutique
40%
31 2010 Nicki Minaj Pink Friday
40%
14 2000 Ghostface Killah Supreme Clientele
40%
36 2013 Chance the Rapper Acid Rap
39%
37 1995 Raekwon Only Built 4 Cuban Linx
37%
80 2018 Earl Sweatshirt Some Rap Songs
37%
32 2012 Chief Keef Finally Rich
36%
57 1986 Beastie Boys Licensed to Ill
34%
62 1999 MF Doom Operation: Doomsday
33%
58 1990 Ice Cube AmeriKKKa's Most Wanted
31%
55 1993 A Tribe Called Quest Midnight Marauders
31%
63 1998 Black Star Mos Def & Talib Kweli Are Black Star
31%
70 1996 The Fugees The Score
31%
51 1999 The Roots Things Fall Apart
28%
22 1998 DMX It's Dark and Hell Is Hot
25%
43 1984 Run-D.M.C. Run-D.M.C.
25%
94 1991 De La Soul De La Soul Is Dead
24%
69 1996 Ghostface Killah Ironman
24%
47 1997 Missy Elliot Supa Dupa Fly
24%
92 1996 DJ Shadow Endtroducing
22%
74 1990 Public Enemy Fear of a Black Planet
22%
97 2006 Clipse Hell Hath No Fury
22%
12 2002 Clipse Lord Willin'
22%
93 1991 Ice Cube Death Certificate
15%
86 2000 Common Like Water for Chocolate
13%
23 1996 UGK Ridin' Dirty
13%
88 1991 Cypress Hill Cypress Hill
12%
7 2001 Missy Elliot Miss E... So Addictive
12%
21 2007 Lil Wayne Da Drought 3
10%
45 1990 LL Cool J Mama Said Knock You Out
10%
61 1994 Scarface The Diary
10%
73 1992 The Pharcyde Bizarre Ride II the Pharcyde
9%
83 2007 M.I.A. Kala
9%
66 1995 Three 6 Mafia Mystic Stylez
9%
84 2015 Vince Staples Summertime '06
9%
95 2003 T.I. Trap Muzik
9%
50 1998 EPMD Strictly Business
7%
68 1998 Juvenile 400 Degreez
6%
65 1993 De La Soul Buhloone Mindstate
6%
91 1987 Boogie Down Productions Criminal Minded
6%
72 1996 Dr. Octagon Dr. Octagonecologyst
6%
79 1988 Eric B. & Rakim Follow the Leader
6%
98 1997 Company Flow Funcrusher Plus
6%
19 1996 Lil Kim Hard Core
6%
42 1988 Big Daddy Kane Long Live the Kane
6%
100 1986 Run-D.M.C. Raising Hell
6%
56 2018 Noname Room 25
6%
82 1988 Slick Rick The Great Adventures of Slick Rick
4%
67 1991 Geto Boys We Can't Be Stopped
4%
71 1989 Queen Latifah All Hail the Queen
3%
81 1994 Digable Planets Blowout Comb
3%
78 2014 Azealia Banks Broke With Expensive Taste
3%
76 1994 Gang Starr Hard to Earn
3%
87 1988 Ultramagnetic MCs Critical Beatdown
1%
75 2019 Megan Thee Stallion Fever
1%
96 1988 Ice-T Power
1%
53 1986 Salt-N-Pepa Hot, Cool and Vicious
0%
89 1990 Brand Nubian One for All
0%
34 1997 Various The Sugar Hill Records Story
0%
No matching quizzes found
Score Distribution
Percent of People with Each Score
Percentile by Number Answered
Your Score History
You have not taken this quiz